000 01040nam2a2200253 4500
001 RU\NLR\BIBL_A\011315142
005 20250810072142.0
035 _a(NLR Aleph) 011315142
090 _a11043792
_c11043792
100 _a20170124d1941 c y0rusy50 ca
101 0 _ainh
102 _aRU
105 _aa z 000 y
200 1 _aДакъа 2
_eюххьанцарча школан шоллагIча классанна
205 _a4-гIа арахийцар
210 _d1941
215 _a124, [4] с.
_cил.
461 0 _1001RU\NLR\BIBL_A\011315141
_12001#$aДешара книжка$fЗортов Iумар$vДакъа 2
_1700#1$aДзортов$bУ.$4070
_911043788
_aДзортов, У.
_cШолж-ГIала
_d1941
_fЗортов Iумар
_nНохчгIалгIпачхьалкхиздат
_tДешара книжка
_vДакъа 2
852 _aNLR
_bОНЛ
_jИнгуш./3-189
942 _cBOOK
945 _aРоссийская национальная библиотека
980 _aNB
980 _aBV